Les Premières Dames de France (depuis 1958) - Statistiques

Statistiques générales
  • Ce quiz a été pris 128 fois
  • Le résultat moyen est 6 sur 8
Statistiques - réponses
Nom de naissance Femme de.. Première Dame % Correct
Bruni Tedeschi Nicolas Sarkozy (2008-) Carla Bruni-Sarkozy
98%
Chodron de Courcel Jacques Chirac Bernadette Chirac
92%
Vendroux Charles de Gaulle Yvonne de Gaulle
77%
Massonneau François Hollande (2012-2014) Valérie Trierweiler
73%
Sauvage de Brantes Valéry Giscard d'Estaing Anne-Aymone Giscard d'Estaing
64%
Ciganer-Albeniz Nicolas Sarkozy (2007) Cécilia Sarkozy
64%
Gouze François Mitterrand Danielle Mitterrand
61%
Cahour Georges Pompidou Claude Pompidou
58%
Aucun quiz correspondant
Distribution des résultats
% des personnes avec chaque résultat
Percentile par nombre de réponses
Votre historique - résultats
Vous n’avez pas pris ce quiz